000 00292nam a22001217a 4500
008 180820b xxu||||| |||| 00| 0 eng d
041 _aeng
080 _a61
100 _a3
101 _aSHM
245 _aAQUATIC ANIMAL HEALTHY RIDING THE WAVE TO THE FUTURE
_cROBERT.K
942 _2udc
_cBK
999 _c47227
_d47227